Zváranie preplátovaných spojov koróziivzdorná oceľ - mosadz laserovým lúčom

Salvato in:
Dettagli Bibliografici
Autore principale: Soukup, Peter (Autore)
Altri autori: Kovačócy, Pavel (Relatore della tesi)
Natura: Manoscritto Libro
Lingua:slovacco
Pubblicazione: 2022
Soggetti:
Accesso online:http://is.stuba.sk/zp/portal_zp.pl?podrobnosti=170021
Tags: Aggiungi Tag
Nessun Tag, puoi essere il primo ad aggiungerne!!

MARC

LEADER 00000ntm a22000003a 4500
001 stuzp89652
003 SK-STU
005 20220611212711.9
007 ta
008 150427s2015----xo-----f-mn---000-0-slo-d
040 |a STU  |b slo 
041 0 |a slo 
100 1 |a Soukup, Peter  |u 063000  |k Z4  |4 aut  |U MTF Materiálovotechnologická fakulta  |T MTF Ústav výrobných technológií  |X 33779  |U M3000  |Y 83  |7 33779 
242 0 1 |a Laser beam welding of stainless steel - brass lap joints  |y eng 
245 1 0 |a Zváranie preplátovaných spojov koróziivzdorná oceľ - mosadz laserovým lúčom 
260 |c 2022 
650 4 |a mosadz Ms 60  |2 slo 
650 4 |a laserové zváranie  |2 slo 
650 4 |a AISI 304L  |2 slo 
650 4 |a AISI 304L  |2 eng 
650 4 |a brass Ms 60  |2 eng 
650 4 |a laser welding  |2 eng 
700 1 |a Kovačócy, Pavel  |u 063100  |k Z1  |4 ths  |U MTF Ústav výrobných technológií  |T MTF Katedra zvárania a spájania materiálov  |X 4171  |U M3100  |Y 162  |7 A000004171 
856 4 |u http://is.stuba.sk/zp/portal_zp.pl?podrobnosti=170021 
996 |c M* DP-15030  |l MMSKP  |s P  |a 0  |w stuzp89652_0001